000 00232 a2200097 4500
001 39762
100 _aDavis W Allen
245 _aMicrowave semiconductor circuits design
260 _aNew Delhi
_bCBS
_c1987
090 _c24774
_d24774
942 _aNUST-CAE
_cM
_c16418
999 _c274835
_d274835